Memoria de los actos celebrados en la ciudad de Vich, en conmemoración del centenario de "El criterio" de Balmes (Record no. 64517)

MARC details
000 -LEADER
campo de control de longitud fija 00901nam a2200217 i 4500
001 - NÚMERO DE CONTROL
campo de control 64517
003 - IDENTIFICADOR DE NÚMERO DE CONTROL
campo de control ES-MaACL
005 - FECHA Y HORA DE LA ÚLTIMA TRANSACCIÓN
campo de control 20251118191623.0
007 - CAMPO FIJO DE DESCRIPCIÓN FÍSICA--INFORMACIÓN GENERAL
campo de control de longitud fija t|
008 - DATOS DE LONGITUD FIJA--INFORMACIÓN GENERAL
campo de control de longitud fija 031229s1943 sp ||||1| spa d
100 1# - ENTRADA PRINCIPAL--NOMBRE DE PERSONA
Nombre de persona Font Puig, Pedro.
9 (RLIN) 51567
245 10 - MENCIÓN DEL TÍTULO
Título Memoria de los actos celebrados en la ciudad de Vich, en conmemoración del centenario de "El criterio" de Balmes
Resto del título : Balmes y las teorías científicas del siglo XX /
Mención de responsabilidad, etc. por Pedro Font Puig.
260 ## - PUBLICACIÓN, DISTRIBUCIÓN, ETC.
Lugar de publicación, distribución, etc. Barcelona :
Nombre del editor, distribuidor, etc. Balmesiana,
Fecha de publicación, distribución, etc. 1943.
300 ## - DESCRIPCIÓN FÍSICA
Extensión 12 p. ;
Dimensiones 25 cm.
500 ## - NOTA GENERAL
Nota general Conferencia leída en el acto celebrado el dia 6 de junio en la sala de la Biblioteca Popular Jaime Balmes.
500 ## - NOTA GENERAL
Nota general Precede al tit.: Ayuntamiento de Vich.
600 14 - PUNTO DE ACCESO ADICIONAL DE MATERIA--NOMBRE DE PERSONA
Nombre de persona Balmes, Jaime,
Fechas asociadas al nombre 1810-1848-
Subdivisión general Crítica e interpretación
9 (RLIN) 25097
710 2# - ENTRADA AGREGADA--NOMBRE DE ENTIDAD CORPORATIVA
Nombre de entidad corporativa o nombre de jurisdicción como elemento de entrada Vich.
Unidad subordinada Ayuntamiento.
9 (RLIN) 7553
852 ## - LOCALIZACIÓN
Ubicación ES-MaACL
Número de control de estantería 1848-F-10
Sublocalización o colección R.20702
Holdings
Estatus retirado Estado de pérdida Estado de daño No para préstamo Colección Biblioteca de origen Biblioteca actual Ubicación en estantería Fecha de adquisición Fuente de adquisición Total de préstamos Signatura topográfica completa Código de barras Visto por última vez Precio de reemplazo Tipo de ítem Koha
        Colección de folletos Biblioteca del Ateneo de Madrid Biblioteca del Ateneo de Madrid Depósito folletos 17/01/2008     1848-F-10 1067606 23/02/2023 23/02/2023 Folleto